000 00532nam a2200181Ia 4500
003 GCL
008 140319s9999 xx 000 0 eng d
020 _a0070541612
040 _aGCL /
_cGCL
082 0 4 _a321.9
_bR M
100 1 _aRUBIN, DAVID C.
245 1 0 _aMODERN DICTATORS :
_bTHIRD WORLD COUP MAKERS, STRONGMEN AND POPULIST TYRANT /
_cRUBIN, DAVID C.
260 _a[S.N] :
_bMC GRAW - HILL ،
_c1987
300 _aX1, 385 P
_bILL. ؛
_c25 cm.
650 0 4 _aCOMPARATIVE GOVERNMENT
650 0 4 _aDICTATORS
942 _2ddc
_cBK
999 _c4753
_d4753